| 000 | 00000nam 2200000zi 4500 |
| 001 | 9.878139 |
| 003 | CaOODSP |
| 005 | 20221107165146 |
| 006 | m o d f |
| 007 | cr ||||||||||| |
| 008 | 190816s1981 oncao #or f000 0 fre d |
| 040 | |aCaOODSP|bfre|erda|cCaOODSP |
| 041 | 0 |afre|aeng |
| 043 | |an-cn--- |
| 086 | 1 |aId31-95/1981-PDF |
| 245 | 00|aCleaning equipment and supplies from Canada = |bMatériel canadien de nettoyage. |
| 246 | 11|aMatériel canadien de nettoyage |
| 264 | 1|aOttawa, Ontario, Canada : |bMinistère de l'industrie et du commerce, Direction des machines, Division des industries de service = Department of Industry, Trade and Commerce, Machinery Branch, Service Industries Division, |c[1981?] |
| 300 | |a1 ressource en ligne (64 pages) : |billustrations, photographies |
| 336 | |atexte|btxt|2rdacontent/fre |
| 337 | |ainformatique|bc|2rdamedia/fre |
| 338 | |aressource en ligne|bcr|2rdacarrier/fre |
| 500 | |aÉdition numérisée de l'imprimé [par Innovation, Sciences et Développement économique Canada]. |
| 520 | |a« Si vous êtes à la recherche d'une compagnie fiable qui fournit du matériel et des produits de qualité nécessaires pour vos besoins en matière de nettoyage, ou, si vous désirez représenter une compagnie ou distribuer des produits de nettoyage à un prix concurrentiel, pourquoi ne pas vous diriger vers le Canada? » -- Introduction, page 5. |
| 546 | |aTexte en français et en anglais. |
| 692 | 07|2gccst|aEntretien |
| 692 | 07|2gccst|aIndustrie de l'équipement |
| 692 | 07|2gccst|aRépertoire |
| 710 | 1 |aCanada. |bMinistère de l'industrie et du commerce. |bDirection des machines. |
| 791 | |tCleaning equipment and supplies from Canada = |eeng|w(CaOODSP)9.875048 |
| 856 | 40|qPDF|s32.25 Mo|uhttps://publications.gc.ca/collections/collection_2019/isde-ised/id31/Id31-95-1981.pdf |